<The> Effectiveness of the Competition of Internet Interviewers in the Context of Social Approach
Efektívnosť hospodárskej súťaže. Vymedzenie trhu internetových prehliadačov. Google Chrome. Internet Explorer. Mozilla Firefox. Opera. Safari. Microsoft Edge. Vývoj trhových podielov internetových prehliadačov. Meranie koncentrácie internetových prehliadčov. Sociálny rozmer internetových prehliadačo...
Gespeichert in:
| 1. Verfasser: | |
|---|---|
| Weitere Verfasser: | , |
| Format: | Buchkapitel |
| Sprache: | Slowakisch |
| Schlagworte: | |
| Tags: |
Keine Tags, Fügen Sie das erste Tag hinzu!
|
MARC
| LEADER | 00000nla a2200000 4500 | ||
|---|---|---|---|
| 001 | 0238850 | ||
| 005 | 20240523120507.3 | ||
| 041 | 0 | |a slo | |
| 044 | |a CZ | ||
| 245 | 1 | 0 | |a <The> Effectiveness of the Competition of Internet Interviewers in the Context of Social Approach |c Jana Kissová, Gabriela Dubcová, Stanislava Deáková |
| 520 | |a Efektívnosť hospodárskej súťaže. Vymedzenie trhu internetových prehliadačov. Google Chrome. Internet Explorer. Mozilla Firefox. Opera. Safari. Microsoft Edge. Vývoj trhových podielov internetových prehliadačov. Meranie koncentrácie internetových prehliadčov. Sociálny rozmer internetových prehliadačov. | ||
| 610 | 2 | 0 | |a internet |
| 610 | 2 | 0 | |a trh elektronický |
| 610 | 2 | 0 | |a trh voľný |
| 610 | 2 | 0 | |a triedenie informácií |
| 610 | 2 | 0 | |a sloboda informácií |
| 610 | 2 | 0 | |a meranie |
| 610 | 2 | 0 | |a meranie výkonnosti |
| 610 | 2 | 0 | |a koncentrácia |
| 610 | 2 | 0 | |a rozvoj sociálny |
| 100 | 1 | |a Kissová, Jana, 1979- | |
| 700 | 1 | |a Dubcová, Gabriela, 1968- | |
| 700 | 1 | |a Deáková, Stanislava, 1974- | |